| 000 | 01306cam a2200361 i 4500 | ||
|---|---|---|---|
| 999 |
_c191 _d191 |
||
| 001 | 18218330 | ||
| 003 | OSt | ||
| 005 | 20190731101651.0 | ||
| 008 | 140709s2015 nyu d 000 1 eng | ||
| 010 | _a 2014022950 | ||
| 020 | _a9781481430661 (pbk.) | ||
| 040 |
_aDLC _beng _cDLC _erda _dDLC |
||
| 042 |
_apcc _alcac |
||
| 082 | 0 | 0 |
_aFIC BEN _223 |
| 100 | 1 |
_aBenwell, Fox. _eauthor |
|
| 245 | 1 | 4 |
_aThe last leaves falling / _cSarah Benwell. |
| 250 | _aFirst US edition. | ||
| 264 | 1 |
_aNew York : _bSimon & Schuster BFYR, _c2015. |
|
| 300 |
_a359 pages ; _c22 cm |
||
| 520 | _aIn Japan, teenaged Abe Sora, who is afflicted with "Lou Gehrig's Disease," finds friends online and elicits their help to end his suffering. | ||
| 521 | 1 | _aAges 14 up. | |
| 650 | 1 |
_aAmyotrophic lateral sclerosis _vFiction. |
|
| 650 | 1 |
_aTerminally ill _vFiction. |
|
| 650 | 1 |
_aSingle-parent families _vFiction. |
|
| 650 | 1 |
_aMothers and sons _vFiction. |
|
| 650 | 1 |
_aAssisted suicide _vFiction. |
|
| 650 | 1 |
_aFriendship _vFiction. |
|
| 650 | 1 |
_aOnline chat groups _vFiction. |
|
| 651 | 1 |
_aJapan _vFiction. |
|
| 906 |
_a7 _bcbc _corignew _d1 _eecip _f20 _gy-gencatlg |
||
| 942 |
_2ddc _cFIC |
||